Statistiken für Städte am Rhein

Klicken Sie hier um das Quiz zu spielen!

Allgemein

  • Dieses Quiz wurde 112 mal gespielt
  • Das Durchschnittsergebnis liegt bei 23 aus 43

Antwortstatistiken

Antwort% Korrekt
Köln
96%
Düsseldorf
92%
Bonn
91%
Koblenz
89%
Mainz
89%
Karlsruhe
85%
Mannheim
85%
Duisburg
84%
Leverkusen
83%
Wiesbaden
82%
Basel
81%
Ludwigshafen am Rhein
80%
Speyer
74%
Worms
73%
Neuss
69%
Straßbourg
67%
Konstanz
63%
Krefeld
62%
Bingen am Rhein
58%
Kehl
55%
Schaffhausen
53%
Neuwied
51%
Andernach
46%
Emmerich am Rhein
46%
Friedrichshafen
46%
Weil am Rhein
45%
Wesel
45%
Rastatt
41%
Ingelheim am Rhein
36%
Chur
33%
Monheim am Rhein
33%
Dormagen
31%
Arnhem
30%
Lampertheim
26%
Wesseling
26%
Meerbusch
23%
Rheinfelden (Baden)
23%
Rheinberg
20%
Voerde (Niederrhein)
19%
Niederkassel
18%
Zevenaar
15%
Wageningen
14%
Renkum
13%

Verteilung der Resultate

Perzentil nach korrekt beantworteten Fragen

Anzahl Personen mit jedem Resultat

Ihre Resultats-Entwicklung

Sie haben dieses Quiz noch nicht gespielt